| 000 | 01342nam a2200289 a 4500 | ||
|---|---|---|---|
| 001 | BRCA_2455 | ||
| 005 | 20190320203822.0 | ||
| 008 | 181108s1826----sp-a---###---#000-0#spa-u | ||
| 041 | _aspa | ||
| 044 | _asp | ||
| 084 |
_a095 _b.B87 _c1826 |
||
| 100 | 1 |
_aCervantes Saavedra, Miguel de _d1547-1616 _9213 |
|
| 245 | 1 | 0 |
_aEl Ingenioso Hidalgo Don Quijote de la Mancha _ccompuesto por Miguel de Cervantes Saavedra. |
| 260 |
_aMadrid _bMiguel de Burgos _c1826 |
||
| 300 |
_a2 v. _bil. _c16 cm. |
||
| 500 | _aContenido : v 1. Primera parte. Advertencia del editor. Dedicatoria. Prólogo del autor. Versos preliminares. Texto. -- v 2. Segunda parte. Texto Dedicatoria. Prólogo del autor. Texto | ||
| 500 | _aEl texto va arreglado según la edición de la Academia de 1819, de la cual están tomados los dibujos con que va adornada. Los tipos son claros, pero tan pequeños que fatigan la vista. Piel; lomeras adornadas Lúdovik Osterc | ||
| 500 | _aCon ex-libris de : Sin nombre | ||
| 500 | _aQM77 | ||
| 650 | 1 | 4 |
_aNovela española _yÉpoca clásica, 1500-1700 _9215 |
| 650 | 1 | 4 |
_aLiteratura española _yÉpoca clásica, 1500-1700 _9216 |
| 650 | 1 | 4 |
_aNovela española _ySiglo XVII _9217 |
| 650 | 1 | 4 |
_aDon Quijote (Personaje ficticio) _eNovela _9218 |
| 740 | 0 | _aEl Ingenioso Hidalgo Don Quijote de la Mancha | |
| 902 | _aQFM | ||
| 942 |
_2lcc _cB |
||
| 999 |
_c2196 _d2196 |
||